LEADER 01040nam2 22002773i 450 001 UBO1796977 005 20231121125857.0 010 $a0471093904$bhbk : acid-free paper 100 $a20141209d2002 ||||0itac50 ba 101 | $aeng 102 $aus 181 1$6z01$ai $bxxxe 182 1$6z01$an 200 1 $a˜4: œOptimum array processing$fHarry L. Van Trees 210 $aNew York [etc.]$dWiley c2002 215 $axxiv, 1443 p.$cill.$d25 cm. 461 1$1001MIL0566944$12001 $aDetection, estimation, and modulation theory$fHarry L. Van Trees$v4 700 1$aVan Trees$b, Harry L.$3MILV268520$4070$02732 801 3$aIT$bIT-01$c20141209 850 $aIT-FR0099 899 $aBiblioteca Area Ingegneristica$bFR0099 912 $aUBO1796977 950 2$aBiblioteca Area Ingegneristica$d 54DAE 621.381 VAN IV$e 54VM 0000354195 VM barcode:BAIN004282. - Inventario:254AVM$fA $h20030930$i20121204 977 $a 54 996 $aOptimum Array Processing$9956587 997 $aUNICAS